<?xml version="1.0" encoding="UTF-8"?>
<record
    xmlns:xsi="http://www.w3.org/2001/XMLSchema-instance"
    xsi:schemaLocation="http://www.loc.gov/MARC21/slim http://www.loc.gov/standards/marcxml/schema/MARC21slim.xsd"
    xmlns="http://www.loc.gov/MARC21/slim">

  <leader>01075nam2a22002651  4500</leader>
  <controlfield tag="001">RU\NLR\Per\787723</controlfield>
  <controlfield tag="005">20250617191004.0</controlfield>
  <datafield tag="035" ind1=" " ind2=" ">
    <subfield code="a">(NLR Aleph) 003032683</subfield>
  </datafield>
  <datafield tag="090" ind1=" " ind2=" ">
    <subfield code="a">1973748</subfield>
    <subfield code="c">1973748</subfield>
  </datafield>
  <datafield tag="100" ind1=" " ind2=" ">
    <subfield code="a">20110729d2007    |||y0rusy50      ca</subfield>
  </datafield>
  <datafield tag="101" ind1="0" ind2=" ">
    <subfield code="a">rus</subfield>
  </datafield>
  <datafield tag="102" ind1=" " ind2=" ">
    <subfield code="a">RU</subfield>
  </datafield>
  <datafield tag="105" ind1=" " ind2=" ">
    <subfield code="a">y   |||||||||</subfield>
  </datafield>
  <datafield tag="200" ind1="1" ind2=" ">
    <subfield code="a">&#x41A; 60-&#x43B;&#x435;&#x442;&#x438;&#x44E; &#x43F;&#x440;&#x435;&#x437;&#x438;&#x434;&#x435;&#x43D;&#x442;&#x430; &#x413;&#x438;&#x43B;&#x44C;&#x434;&#x438;&#x438; &#x440;&#x43E;&#x441;&#x441;&#x438;&#x439;&#x441;&#x43A;&#x438;&#x445; &#x430;&#x434;&#x432;&#x43E;&#x43A;&#x430;&#x442;&#x43E;&#x432; &#x41C;&#x438;&#x440;&#x437;&#x43E;&#x435;&#x432;&#x430; &#x413;&#x430;&#x441;&#x430;&#x43D;&#x430; &#x411;&#x43E;&#x440;&#x438;&#x441;&#x43E;&#x432;&#x438;&#x447;&#x430;</subfield>
  </datafield>
  <datafield tag="210" ind1=" " ind2=" ">
    <subfield code="d">2007</subfield>
    <subfield code="a">&#x411;. &#x43C;.</subfield>
  </datafield>
  <datafield tag="300" ind1=" " ind2=" ">
    <subfield code="a">&#x421;&#x43F;&#x435;&#x446;. &#x432;&#x44B;&#x43F;.</subfield>
  </datafield>
  <datafield tag="461" ind1=" " ind2="0">
    <subfield code="1">001RU\NLR\INFOCOMM\1000024929</subfield>
    <subfield code="1">2001#$a&#x410;&#x434;&#x432;&#x43E;&#x43A;&#x430;&#x442;&#x441;&#x43A;&#x438;&#x435; &#x432;&#x435;&#x441;&#x442;&#x438;$e&#x418;&#x43D;&#x444;&#x43E;&#x440;&#x43C;.-&#x430;&#x43D;&#x430;&#x43B;&#x438;&#x442;. &#x436;&#x443;&#x440;&#x43D;.$v2007, &#x2116; 12 (86)</subfield>
    <subfield code="9">4009738</subfield>
    <subfield code="c">&#x41C;.</subfield>
    <subfield code="d">2001 - 2009</subfield>
    <subfield code="n">&#x411;. &#x438;.</subfield>
    <subfield code="o">&#x418;&#x43D;&#x444;&#x43E;&#x440;&#x43C;.-&#x430;&#x43D;&#x430;&#x43B;&#x438;&#x442;. &#x436;&#x443;&#x440;&#x43D;.</subfield>
    <subfield code="t">&#x410;&#x434;&#x432;&#x43E;&#x43A;&#x430;&#x442;&#x441;&#x43A;&#x438;&#x435; &#x432;&#x435;&#x441;&#x442;&#x438;</subfield>
    <subfield code="v">2007, &#x2116; 12 (86)</subfield>
  </datafield>
  <datafield tag="600" ind1=" " ind2="1">
    <subfield code="a">&#x41C;&#x438;&#x440;&#x437;&#x43E;&#x435;&#x432;</subfield>
    <subfield code="b">&#x413;.&#x411;.</subfield>
    <subfield code="f">1947</subfield>
    <subfield code="g">&#x413;&#x430;&#x441;&#x430;&#x43D; &#x411;&#x43E;&#x440;&#x438;&#x441;&#x43E;&#x432;&#x438;&#x447;</subfield>
    <subfield code="9">2142797</subfield>
    <subfield code="3">RU\NLR\AUTH\661291323</subfield>
  </datafield>
  <datafield tag="801" ind1=" " ind2="1">
    <subfield code="a">RU</subfield>
    <subfield code="b">InfoComm</subfield>
    <subfield code="c">20031223</subfield>
  </datafield>
  <datafield tag="801" ind1=" " ind2="0">
    <subfield code="a">RU</subfield>
    <subfield code="b">NLR</subfield>
    <subfield code="g">PSBO</subfield>
  </datafield>
  <datafield tag="852" ind1=" " ind2=" ">
    <subfield code="a">NLR</subfield>
    <subfield code="j">&#x41F;23/5222</subfield>
  </datafield>
  <datafield tag="942" ind1=" " ind2=" ">
    <subfield code="c">ISSUE</subfield>
  </datafield>
  <datafield tag="980" ind1=" " ind2=" ">
    <subfield code="a">NB</subfield>
  </datafield>
  <datafield tag="980" ind1=" " ind2=" ">
    <subfield code="a">RUSPER</subfield>
  </datafield>
</record>
